000
00319nam a22001457a 4500
008
210518b ||||| |||| 00| 0 eng d
020
_a
2901111301551
041
_a
eng
080
_2
9th
_a
159.9
082
_a
159.9
100
_a
48
101
_a
PSI
245
_a
Psychology
_c
Douglas A. Bernstein
942
_2
udc
_c
BK
999
_c
57441
_d
57441